000 00776nam a2200229 a 4500
001 70718
003 BD-RjUL
005 20211209082031.0
008 170419s1955 gw 000 0 ger
035 _a(BD-RjUL)70932
040 _aDLC
_cCarP
_dDLC
_dBD-RjUL
_beng
041 1 _ager
_hrus
082 _223
_a516
_bALD 1955
100 1 _aAleksandrov, A. D.
_q(Aleksandr Danilovich),
_d1912-1999.
_9209324
245 0 4 _aDie innere Geometrie der konvexen Flächen /
_cA. D. Aleksandrov.
260 _aBerlin :
_bAkademie-Verlag,
_c1955.
300 _axvii, 522 p. ;
_c25 cm.
490 _aMathematische Lehrbücher und Monographien.
_vBd. 4.
650 0 _aGeometry, Differential.
_9151308
830 0 _aMathematische Lehrbücher und Monographien.
_vBd. 4.
_9151121
942 _2ddc
_cBK
999 _c70718
_d70718